000 00542nam a2200193 i 4500
001 21068
003 ES-MaACL
005 20250710062718.0
007 t|
008 021121s1957 fr ||||1| fre d
100 1 _aAgel, Henri.
_918542
245 1 0 _aEsthétique du cinéma /
_cpar Henri Agel.
260 _aParis :
_bPresses Universitaires de France,
_c1957.
300 _a127 p. ;
_c18 cm.
490 1 _aQue sais-je? ;
_v751
830 0 0 _aQue sais-je?
_v751
_9180931
852 _aES-MaACL
_jC-15639
_bR.43311
999 _c21068
_d21068